000 00538nam a22001817a 4500
999 _c1282
_d1282
003 AR-CdUCM
008 190226b ||||| |||| 00| 0 spa d
040 _aMUNICIPALIDAD PROVINCIAL DEL CUSCO
_cBIBLIOTECA MUNICIPAL DEL CUSCO
082 _a869.5 /
_bSA26
100 _aSarmiento Guardia, Juan Jose
_94962
245 _aLos Apus I :
_brelatos andinos /
260 _aIca-Perú :
_c2009.
300 _a11 páginas ;
_c20 cm.
650 _aCuentos andinos
_966
650 _aLiteratura peruana
_9169
942 _2ddc
_cLIBROS
945 _azta